000
00283cam a22000977a 4500
008
180718b1975 xxu||||| |||| 00| 0 eng d
082
_a
L8x5452 M267/1
245
_a
The Madras account code vol,1
260
_a
Tamil Nadu
_b
The Director of Stationery and Printing
_c
1975
300
_a
135+p.
999
_c
500633
_d
500633